Guess the Chloe Ament song by the first line - Statistics

General Stats
  • This quiz has been taken 14 times
  • The average score is 16 of 20
Answer Stats
Line Answer % Correct
"You started smokin' cause you like the taste of cigarettes" Landon
100%
"Here we go again" the boy
100%
"Two lovers wander down to the shore" The Water is Fine
100%
"The snow was melting on the island" Trains
100%
"Boy and girl lock eyes across a room" Until the End
100%
"Chasing the smoke of the last cigarette we shared" Destiny
90%
"Stayed up watching your favourite shows" off-chance
90%
"I'd wander the darkest path" Running to the Edge
90%
"He never said he had a type" Evangeline
80%
"Shiny black hair, an enchanting smile" NARCISSA
80%
"When we met I don't know if I planned on falling" stay right here
80%
"Man, you let me down" Uninvited
80%
"Losing touch with who I was before" Antidote
70%
"I took down the pictures you swore that you hated" Back to you
70%
"Shut your eyes slow and welcome the dark" Daisies
70%
"Rain falls gently across the orchard" Ghost
70%
"I had always known that I was meant to be different" Someone to Call Mine
70%
"Remember how we used to talk" Stranger
70%
"It's too much to ask to give you all my attention" Cliche
60%
"Standing in front of the home that never thought I'd return" Will You Want Me Now
60%
No matching quizzes found
Score Distribution
Percent of People with Each Score
Percentile by Number Answered
Your Score History
You have not taken this quiz